[Event "XXVII RUS-chT Premier 2020"]
[Site "Sochi"]
[Date "2020.11.22"]
[Round "4.14"]
[White "Dreev, Aleksey"]
[Black "Alekseev, Evgeny"]
[Result "1/2-1/2"]
[WhiteElo "2655"]
[BlackElo "2615"]
[Annotator "TA"]
[PlyCount "33"]
[EventDate "2020.11.19"]
[EventType "team-tourn"]
[EventCountry "RUS"]
[SourceTitle "playchess.com"]
[Source "ChessBase"]
[SourceQuality "1"]

{[%evp 14,33,17,4,0,0,6,0,19,14,22,11,25,28,31,0,18,0,29,0,0,0]} 1. d4 Nf6 2. c4 e6 3. Nc3 Bb4 4. Qc2 O-O 5. a3 Bxc3+ 6. Qxc3 b6 7. Bg5 Bb7 8. e3 d6 {E32: Nimzo-Indian: Classical (4 Qc2): 4...0-0.} 9. Ne2 Nbd7 10. Qd3 Re8 11. Nc3 h6 12. Bh4 $1 Nf8 13. Nb5 N8d7 {[#]} 14. Nc3 $5 $146 {[%mdl 8] An interesting novelty.} ({Predecessor:} 14. f3 e5 15. Be2 exd4 16. Qxd4 a6 17. Nc3 Qe7 18. Bf2 Nc5 19. Rb1 a5 20. O-O a4 21. Rbd1 Ra5 22. e4 Nb3 23. Qd3 Bc6 24. Qc2 Nh5 25. g3 Nf6 26. Rfe1 Qd8 27. Bf1 Nd7 28. f4 {1-0 (28) Severinov,V (2415)-Shkabatur,A (2405) ICCF email 2009}) 14... Nf8 15. Nb5 N8d7 16. Nc3 Nf8 17. Nb5 {An uneventful encounter.  Weighted Error Value: White=0.10/Black=0.04} 1/2-1/2

[Event "XXVII RUS-chT Premier 2020"]
[Site "Sochi"]
[Date "2020.11.22"]
[Round "4.15"]
[White "Kokarev, Dmitry"]
[Black "Zvjaginsev, Vadim"]
[Result "1/2-1/2"]
[WhiteElo "2621"]
[BlackElo "2602"]
[Annotator "TA"]
[PlyCount "40"]
[EventDate "2020.11.19"]
[EventType "team-tourn"]
[EventCountry "RUS"]
[SourceTitle "playchess.com"]
[Source "ChessBase"]
[SourceQuality "1"]

{[%evp 10,40,45,24,23,23,31,5,20,0,11,0,0,0,0,-10,15,15,13,18,14,0,0,0,0,0,0,0,10,0,0,0,0]} 1. e4 c5 2. Nf3 a6 3. c3 e6 4. d4 d5 5. exd5 exd5 6. Be2 Nf6 {B22: Sicilian: 2 c3.} 7. O-O cxd4 8. Nxd4 (8. Re1 {is interesting.} Nc6 9. Nxd4 Be7 10. Na3 O-O 11. Nac2) 8... Bd6 {[#] The position is equal.} 9. Na3 $146 ({Predecessor:} 9. Bf3 O-O 10. Bg5 h6 11. Bh4 Nc6 12. Na3 Ne5 13. Nac2 Ng6 14. Bxf6 Qxf6 15. Ne3 {0-1 (36) Rublevsky,S (2651)-Grachev,B (2621) Sochi 2019}) 9... O-O 10. Nac2 h6 11. Bf3 Nc6 12. Re1 Re8 13. Rxe8+ Qxe8 14. Qe2 Bd7 15. Qxe8+ Rxe8 16. Be3 Ne5 17. Re1 Nd3 18. Rb1 Ne5 19. Re1 Nd3 20. Rb1 Ne5 {An uneventful encounter.  Weighted Error Value: White=0.07/Black=0.03} 1/2-1/2

[Event "XXVII RUS-chT Premier 2020"]
[Site "Sochi"]
[Date "2020.11.22"]
[Round "4.16"]
[White "Potkin, Vladimir"]
[Black "Makarian, Rudik"]
[Result "1-0"]
[WhiteElo "2583"]
[BlackElo "2441"]
[Annotator "TA"]
[PlyCount "45"]
[EventDate "2020.11.19"]
[EventType "team-tourn"]
[EventCountry "RUS"]
[SourceTitle "playchess.com"]
[Source "ChessBase"]
[SourceQuality "1"]

{[%evp 12,45,33,17,25,25,31,25,33,15,37,6,100,104,120,85,254,249,258,260,258,237,368,367,360,354,381,384,377,373,445,427,417,406,583,571]} 1. d4 Nf6 2. c4 g6 3. Nc3 Bg7 4. e4 d6 5. Be2 O-O 6. Be3 Nc6 {[%cal Bb8c6,Bc6e5,Be5g4][%mdl 32]} 7. d5 Ne5 {E73: King's Indian: Averbakh Variation without 6...c5.} 8. f4 Neg4 9. Bd2 Nh6 {White has an edge.} 10. Nf3 c6 11. Bd3 {[#]} b5 $146 (11... Nd7 $11) ({Predecessor:} 11... e6 12. dxe6 fxe6 13. O-O e5 14. c5 Kh8 15. fxe5 dxe5 16. Bc4 Qe7 17. b4 a5 {½-½ (43) Mende,I (2412)-Barria,V (2432) ICCF email 2017}) 12. dxc6 $16 bxc4 13. Bxc4 Nxe4 $2 {[#]} (13... e6 $16 {was worth a try.}) 14. Nxe4 $18 d5 15. c7 $1 {[%cal Rc7d8]} Qd7 16. Ba5 dxe4 {[#]} (16... dxc4 {might work better.} 17. Qxd7 Bxd7) 17. Qxd7 $1 Bxd7 18. O-O-O ({Weaker is} 18. Ne5 Bxe5 19. fxe5 Ng4 $16) 18... exf3 19. Rxd7 fxg2 20. Rg1 Nf5 21. Bd5 Rae8 22. Rd8 Nd6 (22... Rxd8 {keeps fighting.} 23. cxd8=Q Rxd8 24. Bxd8 Nh4 25. Bxe7 Bd4) 23. Bc6 {Black got outplayed after the opening.  Weighted Error Value: White=0.04/Black=0.49} 1-0

[Event "XXVII RUS-chT Premier 2020"]
[Site "Sochi"]
[Date "2020.11.22"]
[Round "4.17"]
[White "Petrov, Nikita"]
[Black "Kornev, Alexei"]
[Result "1/2-1/2"]
[WhiteElo "2577"]
[BlackElo "2515"]
[Annotator "TA"]
[PlyCount "78"]
[EventDate "2020.11.19"]
[EventType "team-tourn"]
[EventCountry "RUS"]
[SourceTitle "playchess.com"]
[Source "ChessBase"]
[SourceQuality "1"]

{[%evp 9,78,18,19,17,26,28,21,22,13,21,11,10,4,1,20,0,25,19,20,9,25,40,34,34,38,11,15,-1,-4,-26,-16,-24,-21,-26,0,-16,-14,-17,-7,-7,-7,-16,-16,-12,-6,-12,-11,-17,-7,0,0,-13,0,0,0,0,0,0,0,0,0,0,-1,-28,0,-1,0,-30,0,0,0]} 1. d4 Nf6 2. c4 e6 3. Nc3 Bb4 4. Nf3 Bxc3+ 5. bxc3 b6 6. Nd2 {E21: Nimzo-Indian: 4 Nf3.} Bb7 7. f3 {[#]} Nh5 $146 {[#] And now ...Qh4+ would win.} ({Predecessor:} 7... O-O 8. e4 d6 9. Bd3 e5 10. O-O Nc6 11. Nb3 Qe7 12. Bg5 h6 13. Be3 Nd8 {0-1 (32) Winter,W-Fine,R Lodz 1935}) 8. g3 f5 9. e4 f4 10. Bd3 d6 11. g4 Nf6 12. Qe2 Nc6 13. Nb3 O-O 14. O-O e5 15. a4 {[%cal Ba2a4,Ba4a5][%mdl 32]} Kh8 16. a5 Nd7 17. Ba3 Qf6 {[%cal Re5d4]} (17... bxa5 $6 18. d5 $16) 18. Qf2 Ba6 (18... bxa5 $6 19. d5 $16) 19. Rfd1 Rfb8 ({But not} 19... bxa5 $6 20. d5 $14) 20. axb6 axb6 21. Bb2 Qf7 22. Qe2 Qg8 23. Rdb1 Ra7 24. Ra3 Rba8 25. Rba1 Qb8 26. Bc1 Bc8 27. Qb2 Rxa3 28. Rxa3 Rxa3 29. Qxa3 Ne7 30. Qa4 c5 31. Bd2 h6 32. Be1 g5 33. Bf2 Kg7 34. Nd2 Nf6 35. Nb1 Bd7 36. Qa6 Bc8 37. Qa4 Bd7 38. Qa6 Bc8 39. Qa4 Bd7 {Weighted Error Value: White=0.05/Black=0.06} 1/2-1/2

[Event "XXVII RUS-chT Premier 2020"]
[Site "Sochi"]
[Date "2020.11.22"]
[Round "4.18"]
[White "Chernyshov, Konstantin"]
[Black "Zakhartsov, Vladimir"]
[Result "1/2-1/2"]
[WhiteElo "2427"]
[BlackElo "2484"]
[Annotator "TA"]
[PlyCount "75"]
[EventDate "2020.11.19"]
[EventType "team-tourn"]
[EventCountry "RUS"]
[SourceTitle "playchess.com"]
[Source "ChessBase"]
[SourceQuality "1"]

{[%evp 10,75,16,0,29,0,7,0,15,-6,12,12,4,5,17,-10,-2,0,0,0,6,-21,-31,-28,-41,-74,-48,-91,-87,-122,-121,-103,28,0,0,0,65,77,62,75,110,27,26,26,26,28,27,27,27,24,20,0,22,16,47,47,42,47,49,39,43,0,0,0,51,0,0,0]} 1. e4 c5 2. Nf3 d6 3. Bb5+ Nd7 4. d4 cxd4 5. Qxd4 e5 6. Qd3 Be7 {B51: Sicilian: Moscow Variation (3 Bb5+) without 3...Bd7.} 7. Nc3 a6 8. Bxd7+ Bxd7 9. Nd5 Nf6 {[#]} (9... Bc6 {looks sharper.} 10. Nxe7 Qxe7 11. O-O Nf6 12. Re1 O-O) 10. Nxe7 $146 ({Predecessor:} 10. Nxf6+ gxf6 11. Nh4 Rg8 12. O-O Rc8 13. Re1 Qc7 14. c3 Qc6 15. Qf3 Bg4 16. Qg3 {½-½ (46) Sammalvuo,T (2437)-Delgado Ramirez,N (2539) Bled 2002}) 10... Qxe7 11. Bg5 Rc8 12. O-O-O Rc6 13. Nd2 Be6 14. f4 exf4 15. Nf3 O-O $1 (15... Bxa2 $2 16. Nd4 $18) 16. Rhe1 Rfc8 17. Rd2 Bxa2 18. Qa3 Be6 19. e5 Qc7 {[%cal Rc6c2]} 20. Nd4 Rc4 (20... dxe5 $17 21. Nxc6 Qxc6 22. Rxe5 Ne4 23. Rxe4 Qxe4) 21. Bxf6 ({But not} 21. exf6 $2 {[#]} Rxd4 $1 {[%mdl 512]} 22. c3 Qc4 $19) 21... d5 ({Wrong is} 21... Rxd4 $2 22. exd6 Rxd6 23. Be5 $18 (23. Qxd6 gxf6 24. Qxc7 Rxc7 $16)) 22. Kb1 {Be7 is the strong threat.} gxf6 (22... Rxd4 $1 $11 23. Rxd4 gxf6) 23. exf6 $14 Kh8 24. Ree2 Qd7 25. Qe7 (25. Nxe6 $16 {Threatens to win with Ng5.} fxe6 26. Qh3) 25... Qxe7 $1 $11 26. fxe7 Re8 27. Nxe6 fxe6 28. Rxe6 {[%mdl 4096] Endgame KRR-KRR} Rc7 29. Rde2 Kg7 30. R2e5 Kf7 {[%cal Re8e7]} 31. Rh6 Kg7 32. Reh5 Rexe7 33. Rxh7+ Kg6 34. R7h6+ Kg7 35. Rh7+ Kg6 ({Better is} 35... Kf6 $11 36. R7h6+ Kg7) 36. R7h6+ $14 Kg7 $1 37. Rh7+ (37. c3 $14) 37... Kg6 $11 38. R7h6+ {Weighted Error Value: White=0.16/Black=0.13} 1/2-1/2

[Event "XXVII RUS-chT Premier 2020"]
[Site "Sochi"]
[Date "2020.11.22"]
[Round "4.19"]
[White "Riazantsev, Alexander"]
[Black "Lobanov, Sergei"]
[Result "1-0"]
[WhiteElo "2628"]
[BlackElo "2522"]
[Annotator "TA"]
[PlyCount "57"]
[EventDate "2020.11.19"]
[EventType "team-tourn"]
[EventCountry "RUS"]
[SourceTitle "playchess.com"]
[Source "ChessBase"]
[SourceQuality "1"]

{[%evp 15,57,16,12,0,23,20,20,22,25,12,30,34,53,50,81,82,60,71,70,78,84,91,102,108,163,118,132,142,263,246,425,417,601,596,689,689,689,689,689,652,562,562,562,562]} 1. d4 Nf6 2. c4 g6 3. Nc3 d5 4. cxd5 Nxd5 5. e4 Nxc3 6. bxc3 Bg7 7. Bb5+ c6 8. Ba4 O-O 9. Nf3 {D85: Exchange Grünfeld: Unusual White 7th moves and lines with 7 Nf3.} b5 10. Bb3 a5 11. O-O {The position is equal.} a4 12. Bc2 c5 13. Rb1 {[#]} Ba6 $146 ({Predecessor:} 13... Nc6 14. Be3 cxd4 15. cxd4 Bg4 16. Rxb5 Bxf3 17. gxf3 Bxd4 18. Rd5 Bxe3 19. Rxd8 Rfxd8 {½-½ (33) Nakamura,H (2754)-Nepomniachtchi,I (2775) Paris 2019}) 14. Re1 Nc6 {[%cal Rc5d4]} 15. e5 $1 ({Reject} 15. dxc5 Bxc3 16. Bd2 Bxd2 $17) 15... cxd4 16. cxd4 {[%cal Bc3d4,Bd4d5][%mdl 32]} Rc8 17. d5 Na5 18. Bg5 {And now d6 would win.} Qc7 19. Bd3 Rb8 (19... Rfe8 $16 {was necessary.}) 20. d6 exd6 21. exd6 Qd7 (21... Qxd6 $16 {is a better defense.} 22. Be7 {[%mdl 64] Double Attack} Qc7) 22. Be7 $18 Rfe8 $2 (22... Bc3 23. Bxf8 Rxf8) 23. Ng5 $1 Nb7 {[#]} (23... Rf8 $142 24. Be2 h6 25. Bxf8 Bxf8) 24. Nxf7 $1 {[%mdl 512] aiming for Bxb5!White is clearly winning.} Nxd6 (24... Kxf7 25. Bc4+) 25. Nxd6 {Bc4+! is the strong threat.} ({Weaker is} 25. Bxd6 Rxe1+ 26. Qxe1 Rc8 $16) 25... Rxe7 {[#]} 26. Bc4+ $1 {[%mdl 576] Pin} Kh8 {Threatens to win with ...Rxe1+.} (26... bxc4 27. Qd5+) 27. Rxe7 Qxe7 {[#]} 28. Nf7+ $1 Kg8 29. Ne5+ {White took control after the opening.  Weighted Error Value: White=0.03/Black=0.43} 1-0

[Event "XXVII RUS-chT Premier 2020"]
[Site "Sochi"]
[Date "2020.11.22"]
[Round "4.20"]
[White "Shubin, Kirill"]
[Black "Paravyan, David"]
[Result "1/2-1/2"]
[WhiteElo "2441"]
[BlackElo "2654"]
[Annotator "TA"]
[PlyCount "79"]
[EventDate "2020.11.19"]
[EventType "team-tourn"]
[EventCountry "RUS"]
[SourceTitle "playchess.com"]
[Source "ChessBase"]
[SourceQuality "1"]

{[%evp 9,79,0,0,0,0,-41,-36,-35,-37,-19,-27,-46,-33,-47,6,-52,-50,-40,-3,-9,-10,-14,-10,-54,43,39,36,35,132,132,245,145,156,152,260,247,268,243,230,229,209,233,210,215,339,332,295,193,194,199,173,122,132,137,167,47,49,50,112,65,61,55,29,0,0,0,0,0,0,0,0,0]} 1. e4 c5 2. Nf3 Nc6 3. Bb5 e6 4. b3 Qf6 5. c3 Qg6 6. O-O {B30: Sicilian: 2...Nc6 3 Bb5, lines without ...g6.} Qxe4 7. d4 {[#]} (7. Re1 $5 {[%cal Re1e4]} Qd5 8. d3 $11) 7... cxd4 $146 ({Predecessor:} 7... Nf6 8. Re1 Qf5 9. Ne5 cxd4 10. Bxc6 dxc3 11. g4 Nxg4 12. Nxg4 dxc6 13. Qd4 f6 {½-½ (38) Martinez Rojas,C (2028)-Villavicencio Martinez,C (2125) Tenerife 2018}) 8. Re1 {Black is slightly better.} Qd5 9. c4 Qh5 10. Nbd2 Nf6 11. Nf1 Bb4 (11... Qc5 $15) 12. Re2 (12. Bxc6 $11 Bxe1 13. Qxe1 dxc6 14. Ba3) 12... Qc5 $15 13. Bg5 Bc3 14. Rc1 Nh5 15. Bxc6 bxc6 16. Re5 d5 {[#]} ({Black should play} 16... Qf8 $1 $15 17. Bd2 (17. Nxd4 Bxd4 18. Re4 h6 $17) 17... Nf6 18. Bxc3 dxc3) 17. Rxc3 $1 $14 {[%mdl 512]} dxc3 18. Be3 $36 {[%mdl 2048] White has the initiative.} Qa5 ({Black should try} 18... Qd6 $14 19. Rxh5 f6) 19. Rxh5 $16 Qxa2 (19... f6 $16) 20. Qd4 (20. Ne5 $1 $18) 20... f6 21. Qxc3 O-O (21... Rb8 $16 {might work better.}) 22. Qd3 $1 $18 {[%cal Rd3h7]} g6 23. Rh6 $1 {[%cal Rh6g6] Hoping for Rxg6+!} Rf7 24. Rxg6+ {[%mdl 64] Demolition} hxg6 25. Qxg6+ Rg7 26. Qxf6 Qa3 (26... Rf7 27. Qd8+ Kh7 28. Ng5+ Kg7 29. Bd4+ e5 30. Bxe5+ Kg6 31. Qd6+ Be6 32. Qxe6+ Kxg5 33. h4+ $1 {[%mdl 512]} Kh5 34. Ng3+ Kxh4 35. Qh6+ Kg4 36. Qh5#) (26... Qa5 {is a better defense.} 27. Ng3 (27. Bh6 Qc7 $16) 27... Qc7) 27. c5 $1 {Threatening mate with Bd4.} Qa5 ({Stronger than} 27... Rf7 28. Qd8+ Kh7 29. Ng5+ Kg7 30. Bd4+ e5 31. Bxe5+ Kg6 32. Qd6+ Be6 33. Qxe6+ Kxg5 34. h4+ $1 {[%mdl 512]} Kh5 35. Qxf7+ Kxh4 36. Qg6 Qxc5 37. Bg3#) 28. Bd4 {[%csl Gd4][%cal Rf6g7]} Qc7 29. Ng3 $1 {[%cal Rg3h5][%mdl 1024] White has strong compensation.} Qf7 {White must now prevent ...Qxf6.} 30. Qe5 (30. Qd8+ $18 Qf8 31. Qh4) 30... Qg6 $16 {[#]} 31. h4 $1 Bd7 {[#]} 32. h5 (32. Ng5 $1 $18 {Nh5! is the strong threat.} Qh6 33. Qd6 Qxh4 34. Bxg7 Qxg5 35. Qxd7 Qxg7 36. Qxe6+ Qf7 37. Qxc6) 32... Qh6 $14 33. Be3 Qh8 (33... Qh7 $14) 34. h6 Rg6 $1 35. Qc7 Qh7 $1 36. Ng5 Qxh6 {And now ...Rg7 would win.The position is equal.} 37. Qxd7 {Strongly threatening Qf7+.} Rxg5 38. Qxc6 Rf8 39. Bxg5 Qxg5 40. Qxe6+ {Blacks defense is rewarded with a draw.  Weighted Error Value: White=0.17/Black=0.22} 1/2-1/2

[Event "XXVII RUS-chT Premier 2020"]
[Site "Sochi"]
[Date "2020.11.22"]
[Round "4.21"]
[White "Chigaev, Maksim"]
[Black "Usmanov, Vasily"]
[Result "1-0"]
[WhiteElo "2615"]
[BlackElo "2442"]
[Annotator "TA"]
[PlyCount "102"]
[EventDate "2020.11.19"]
[EventType "team-tourn"]
[EventCountry "RUS"]
[SourceTitle "playchess.com"]
[Source "ChessBase"]
[SourceQuality "1"]

{[%evp 9,102,20,22,21,13,22,14,20,67,58,57,40,45,41,50,49,64,68,52,50,66,53,80,34,56,53,78,24,60,57,61,62,60,57,58,58,58,69,54,41,37,54,45,51,28,0,12,18,12,14,25,16,22,13,98,100,138,138,162,159,269,274,353,346,363,379,305,265,265,69,70,68,103,83,191,94,234,213,451,451,403,393,29966,12795,7064,6768,29979,29980,29982,29983,29982,29981,29978,5105,29990]} 1. e4 e5 2. Bc4 Nf6 3. d3 c6 4. Nf3 d5 5. Bb3 Bb4+ 6. Bd2 {C24: Bishop's Opening: 2...Nf6.} Bxd2+ 7. Qxd2 a5 8. a4 {The position is equal.} ({Not} 8. Nxe5 $2 a4 $19) 8... dxe4 9. Nxe5 O-O $1 {[#]} 10. dxe4 $146 ({Predecessor:} 10. Nc3 exd3 11. O-O-O Na6 12. Nxd3 Bg4 13. f3 Bf5 14. Qg5 Bxd3 15. Rxd3 Qc7 16. Ne4 Nxe4 17. fxe4 {½-½ (22) Beerdsen,T (2484)-Vrolijk,L (2433) Wijk aan Zee 2019}) 10... Qe7 11. Qf4 Nh5 12. Bxf7+ $1 Rxf7 13. Qxf7+ Qxf7 14. Nxf7 Kxf7 15. Nc3 Na6 16. f4 Nc5 17. O-O-O g6 18. h3 (18. f5 $16) 18... Ng3 19. Rhe1 h5 20. Re3 h4 21. Rd8 Ne6 22. Rh8 Nxf4 23. Rxh4 Nfh5 24. Rg4 Bxg4 25. hxg4 Rg8 26. Rf3+ Ke6 27. Kd1 Rg7 28. Kd2 Nh1 $1 29. gxh5 gxh5 $11 {[%mdl 4096] Endgame KRN-KRN} 30. Ne2 {And now Ke3 would win.} Rxg2 31. Ke3 {Hoping for Nf4+.} Rh2 (31... Ke7 $11 {remains equal.}) 32. Nd4+ $16 Ke7 33. Rf5 h4 34. Rxa5 {aiming for Ra7.} h3 (34... Ng3 $16 35. Ra7 c5) 35. Ra7 $1 $18 c5 36. Rxb7+ Kf6 {[#]} 37. e5+ $1 Kg6 (37... Kxe5 38. Nf3+) 38. Nf3 Rxc2 39. e6 $2 ({White should try} 39. a5 $18 {Black must now prevent a6.} h2 40. Rb6+ Kg7 41. a6 Re2+ 42. Kf4 Re4+ 43. Kg5 Rg4+ 44. Kf5 Ng3+ 45. Kxg4) 39... Ng3 $1 $14 40. e7 Re2+ 41. Kf4 Nh5+ 42. Kg4 {Threatens to win with a5.} Re3 {[#] This move loses the game for Black.} (42... h2 $16 43. Nxh2 Nf6+ 44. Kg3 Kf7) 43. a5 $1 $18 {[%cal Ra5a6] a6 is the strong threat.} ({And not} 43. Kxh3 Rxf3+ 44. Kg2 Rg3+ 45. Kf2 Kf7 $11) 43... Nf6+ $2 {[#]} (43... h2 {might work better.} 44. Nxh2 Nf6+ 45. Kh4 Nd5) 44. Kg3 $1 ({Less strong is} 44. Kf4 Rxe7 45. a6 (45. Rxe7 Nd5+ 46. Ke5 Nxe7 $16) 45... Re4+ 46. Kg3 Ra4 $16) 44... Re6 45. Kxh3 Ne8 $2 (45... Kf5 $18 46. Kg2 Kg6) 46. Rb6 Kf5 47. Nh4+ Kf6 {[#]} 48. Ng6 $1 {[%mdl 512]} Kf7 (48... Kxg6 49. Rxe6+) 49. Rxe6 Kxe6 50. a6 {[%cal Ba5a6,Ba6a7][%mdl 32]} Nc7 51. a7 Kd5 {Weighted Error Value: White=0.12/Black=0.52} 1-0

[Event "XXVII RUS-chT Premier 2020"]
[Site "Sochi"]
[Date "2020.11.22"]
[Round "4.22"]
[White "Pershin, Denis"]
[Black "Antipov, Mikhail Al."]
[Result "0-1"]
[WhiteElo "2387"]
[BlackElo "2607"]
[Annotator "TA"]
[PlyCount "108"]
[EventDate "2020.11.19"]
[EventType "team-tourn"]
[EventCountry "RUS"]
[SourceTitle "playchess.com"]
[Source "ChessBase"]
[SourceQuality "1"]

{[%evp 10,108,16,-1,43,21,18,8,23,36,48,46,46,41,35,35,80,35,45,38,49,46,51,52,60,58,80,68,107,82,148,151,157,147,142,143,233,131,130,37,53,20,23,0,0,0,0,0,0,-58,-35,-57,-43,-45,98,-9,65,0,0,-110,-120,-189,-192,-205,-197,-252,-252,-239,-241,-245,-240,-212,0,-239,0,-96,-85,-216,-86,-58,0,-196,-210,-208,-85,-71,0,-193,-190,-209,-180,-194,-183,-29988,-29989,-29989,-29990,-29990,-29991,-29991,-226]} 1. d4 Nf6 2. c4 e6 3. Nc3 Bb4 4. Qc2 O-O 5. e4 d6 6. e5 Nfd7 {E32: Nimzo-Indian: Classical (4 Qc2): 4...0-0.} 7. a3 Bxc3+ 8. Qxc3 c5 {The position is equal.} 9. exd6 {[#]} e5 $146 ({Predecessor:} 9... cxd4 10. Qxd4 Nc6 11. Qc3 Nc5 12. Be3 Ne4 13. Qd3 Nxd6 14. O-O-O Nf5 15. Bc5 Re8 16. Qxd8 Rxd8 17. Rxd8+ Nxd8 {½-½ (22) Henrichs,T (2485)-Yemelin,V (2573) Bad Wiessee 2008}) 10. dxc5 Nxc5 11. Be3 Qxd6 12. Rd1 Qe7 13. Nf3 Nbd7 14. b4 Ne4 15. Qc2 Nef6 $1 16. c5 e4 17. Nd4 Ne5 18. Be2 Ng6 19. O-O Qe5 (19... Bd7 $142) 20. Nb5 $16 Ng4 21. Bxg4 Bxg4 22. Rd4 f5 (22... h6 $16 23. Nd6 (23. Qxe4 Qxe4 24. Rxe4 Be2 $16 {[%mdl 64] Double Attack}) (23. Rxe4 Bf5 $16) 23... Rab8 24. Qxe4 (24. Rxe4 Bf5 $18) 24... Qxe4 25. Rxe4 Bd7) 23. Qc4+ ({White should play} 23. Qb3+ $18 Kh8 24. Rd7) 23... Kh8 24. h3 (24. Rd5 $16 Qf6 25. h3) 24... Bxh3 $1 $14 25. gxh3 f4 $1 26. Rd5 Qe6 27. Bd4 Qxh3 $40 {[%mdl 128] ( -> ...Qg4+). Black attacks.} 28. Bxg7+ Kxg7 29. Qc3+ (29. Qxe4 $11 Nh4 30. Qe7+ {[%mdl 64] Double Attack} Kh8 31. Qe5+ Kg8 32. Qg5+ Kh8 33. Qe5+ Kg8 34. Qg5+ Kh8 35. Qe5+) 29... Qxc3 $15 30. Nxc3 Rae8 31. Rd7+ Kf6 (31... Rf7 $15 {stays ahead.} 32. Rxf7+ Kxf7) 32. Re1 (32. Rxb7 $16 Kg5 33. Rxh7 (33. Rxa7 e3 $16)) 32... Kf5 ({Black should try} 32... e3 $11) 33. Rd5+ (33. Rxh7 $6 Ne5 $11) ({Better is} 33. Rxb7 $14 a6 34. Kf1 (34. Rxh7 Ne5 $11)) 33... Re5 $11 34. Rxe5+ (34. Rd7 $11 {was the only way to keep the balance.}) 34... Nxe5 $17 35. Rxe4 $11 {[%mdl 4096] Endgame KRN-KRN} (35. Kf1 $17) 35... Rd8 $1 $19 {[%cal Rd8d3] Strongly threatening ...Rd3.} 36. Re2 Rd3 37. Ne4 (37. Rc2 $142) 37... Rd1+ ({Inferior is} 37... Rxa3 38. Nd6+ Kf6 39. Nxb7 $11) 38. Kh2 Nf3+ 39. Kg2 Nh4+ 40. Kh2 Nf3+ 41. Kg2 Nh4+ (41... h5 $1 $19 {...h4 is the strong threat.} 42. Nc3 (42. Kxf3 $2 Rd3+ {[%mdl 64] Double Attack} 43. Re3 fxe3 $19) 42... Nh4+ 43. Kh2 Rd3) 42. Kh2 $17 h6 43. Nc3 ({Not} 43. Nd6+ $2 Kg4 $19) (43. b5 $17 {might work better.}) 43... Nf3+ (43... Rd3 $19 {has better winning chances.} 44. Ne4 h5) 44. Kg2 Nh4+ (44... Rc1 $15 45. Ne4 Nh4+ 46. Kh2 b6 47. cxb6 axb6) 45. Kh2 $19 Rd3 46. Ne4 Nf3+ (46... h5 $1 $19 {and Black stays clearly on top.} 47. a4 Nf3+ 48. Kg2 Nh4+ 49. Kh2 Nf3+ 50. Kg2 Nh4+ 51. Kh2) 47. Kg2 $17 Nh4+ (47... Rxa3 $17 48. Nd6+ Kg4) 48. Kh2 $1 $19 {[#]} h5 $1 49. a4 Nf3+ 50. Kg2 {[#] and the idea Nd6+ leaves White hopeful.} h4 $1 {[%cal Rh4h3] Threatens to win with ...h3+!} 51. Nd6+ $2 (51. c6 $19 bxc6 52. Nc5) 51... Kg4 {Black mates.} 52. Re8 h3+ 53. Kf1 Rd1+ 54. Ke2 Re1+ $2 {Never resign too early!  Weighted Error Value: White=0.36/Black=0.36} (54... Rd2+ {mates} 55. Kf1 h2 56. Rh8 Nh4 57. Ke1 Ra2 58. f3+ Kh3 59. Rxh4+ {[%mdl 64] Remove Defender} Kxh4 60. Nf5+ Kh3 61. Ne3 fxe3 62. f4 h1=Q#) 0-1

[Event "XXVII RUS-chT Premier 2020"]
[Site "Sochi"]
[Date "2020.11.22"]
[Round "4.23"]
[White "Yuffa, Daniil"]
[Black "Askerov, Marat"]
[Result "1-0"]
[WhiteElo "2565"]
[BlackElo "2338"]
[Annotator "TA"]
[PlyCount "69"]
[EventDate "2020.11.19"]
[EventType "team-tourn"]
[EventCountry "RUS"]
[SourceTitle "playchess.com"]
[Source "ChessBase"]
[SourceQuality "1"]

{[%evp 12,69,38,36,33,11,25,16,21,15,27,24,25,3,4,0,0,-17,17,16,23,-29,-27,-45,6,15,2,0,0,0,0,0,113,12,15,15,14,22,248,234,276,296,276,283,353,272,754,750,746,740,721,738,732,718,706,695,648,638,29978,11033]} 1. d4 Nf6 2. c4 e6 3. g3 Bb4+ 4. Bd2 Qe7 5. Bg2 Nc6 6. e3 Bxd2+ 7. Qxd2 d5 {E00: Catalan Bogo-Indian (3 g3 Bb4+).} 8. cxd5 exd5 9. Nc3 Bf5 {The position is equal.} 10. Nge2 {[#]} Ne4 $146 ({Predecessor:} 10... Qd7 11. Nf4 Ne7 12. O-O c6 13. f3 Ng6 14. e4 Nxf4 15. Qxf4 dxe4 16. Qe5+ Be6 17. fxe4 {½-½ (46) Mischuk,D (2344)-Palchun,G (2447) St Petersburg 2017}) 11. Nxe4 (11. Nxd5 $2 Qd7 $17) 11... Bxe4 12. f3 Bf5 13. O-O O-O-O 14. Rfc1 h5 15. Rc5 Rhe8 16. Rc3 (16. Nc3 $142) 16... g5 17. Rac1 Rd6 ({Black should play} 17... f6 $15) 18. b4 $11 {[%cal Bb2b4,Bb4b5][%mdl 32] aiming for b5.} Re6 {[%cal Re6e3]} 19. e4 dxe4 20. d5 Rd6 21. b5 e3 (21... exf3 $1 $11 {remains equal.} 22. Bxf3 Ne5) 22. Qb2 (22. Qe1 $16 Nd8 23. f4 (23. Rxc7+ Qxc7 24. Rxc7+ Kxc7 $14) 23... gxf4 24. Nd4 (24. Rxc7+ Qxc7 25. Rxc7+ Kxc7 $14) (24. Nxf4 Rd7 $11)) 22... Ne5 23. Rxe3 {Hoping for Qc3.} Rxd5 24. Nd4 $36 {[%mdl 2048] Black is under pressure.} Qf6 $2 {[#] This move loses the game for Black.} (24... Qd7 $11 25. Nxf5 Qxf5) 25. Qc3 $1 $18 {[%csl Gc1][%cal Rc3c7][%mdl 512]} Re7 {And now ...Rxd4! would win.} 26. Nxf5 ({Worse is} 26. f4 Rxd4 27. Rxe5 Qb6 $15) 26... Qxf5 27. f4 Rd3 28. Rxd3 Nxd3 $2 (28... Qxd3 29. fxe5 Qxc3 30. Rxc3 Rxe5) 29. Qh8+ {[%mdl 64] Double Attack} Kd7 {[#]} 30. Bxb7 $1 {[%mdl 512]} Re1+ 31. Rxe1 {White wants to mate with Qe8+.} Qc5+ 32. Kh1 {Intending Qe8+ and mate.} Nxe1 33. Bc6+ Ke6 34. Qe8+ Qe7 {[#] ...Qxe8 would now be nice for Black.} 35. Bd5+ $1 {[%mdl 512] Weighted Error Value: White=0.16/Black=0.56} 1-0